| 000 | 00000nam##2200000za#4500 |
| 001 | 9.643662 |
| 003 | CaOODSP |
| 005 | 20210624224255 |
| 007 | cr ||||||||||| |
| 008 | 150407|1968||||xxc|||||o f|0| 0 fre|d |
| 040 | |aCaOODSP|bfre |
| 043 | |an-cn--- |
| 086 | 1 |aA43-936/1968F-PDF |
| 110 | 1 |aCanada.|bAgriculture Canada. |bDirection générale de recherche. |
| 245 | 13|aLa lutte contre les maringouins / |h[ressource électronique]|c[par] L. Colin Curtis. |
| 260 | |aOttawa - Ontario : |bAgriculture Canada. |c1955, revisé [i.e., révisé] 1968. |
| 300 | |a20p.|bill., photographies |
| 500 | |aPublication historique numerisée d'Agriculture et Agroalimentaire Canada. |
| 590 | |a15-01-Supp|b2015-01-26 |
| 691 | 07|aInsecte|2gcpds |
| 691 | 07|aOrganisme nuisible|2gcpds |
| 856 | 40|ahttp://publications.gc.ca|qPDF|s1.22 Mo|uhttps://publications.gc.ca/collections/collection_2014/aac-aafc/agrhist/A43-936-1968-fra.pdf |
| 986 | |a936 |